| 000 | 00598nam a2200205 4500 | ||
|---|---|---|---|
| 010 | _aB-042149 | ||
| 020 | _a1582790698 | ||
| 035 | _aB-042149 | ||
| 037 | _bCen Lib / Ret | ||
| 040 |
_aDPL _bEn |
||
| 082 |
_aN _bALC |
||
| 100 | _aAlcott, Louisa M. | ||
| 245 |
_aLittle women, or, Meg, Jo, Beth, and Amy / _cby Louisa May Alcott |
||
| 260 |
_aNaples, FL _bTrident Press International, _c2000 |
||
| 300 |
_a532p _c27cm(Hb) |
||
| 650 | _aEnglish literature -- 19th century. | ||
| 650 | _aSisters -- Fiction. | ||
| 650 | _aFamily life -- New England -- Fiction. | ||
| 942 |
_2ddc _cEN _hN _mALC |
||
| 999 |
_c137132 _d137132 |
||